[Event "45th Olympiad 2024"]
[Site "Budapest HUN"]
[Date "2024.09.21"]
[Round "10.27"]
[Board "2"]
[White "Chinguun, Sumiya"]
[Black "Pelletier, Yannick"]
[Result "1/2-1/2"]
[WhiteElo "2389"]
[BlackElo "2526"]
[PlyCount "61"]
[EventDate "2024.09.11"]
[WhiteTeam "Mongolia"]
[BlackTeam "Switzerland"]
[WhiteTeamCountry "MGL"]
[BlackTeamCountry "SUI"]

1. e4 {Finkel,Alexander} e6 2. d4 d5 3. Nc3 Nf6 4. e5 Nfd7 5. f4 c5 6. Nf3 Nc6 7. Be3 cxd4 8. Nxd4 Bc5 9. Qd2 Nxd4 10. Bxd4 Bxd4 11. Qxd4 Qb6 12. Qxb6 ({RR} 12. Qd2) 12... Nxb6 13. Nb5 ({RR} 13. O-O-O a6 14. Bd3 Bd7 15. Ne2 Nc8 16. Nd4 Ne7 17. Rhf1 Nc6 18. Nxc6 ({RR} 18. c3) 18... Bxc6 19. f5 Bd7 20. f6 g6 21. Rf3) ({RR} 13. Bd3 Ke7 14. O-O-O Bd7 15. Rhf1 Bc6 16. Ne2 f6 17. exf6+ gxf6 18. Nd4 Kd6 ({RR} 18... e5 19. fxe5 fxe5 20. Rde1 e4 21. c4) 19. Rde1 Rae8 20. g4) 13... Ke7 14. O-O-O ({RR} 14. Bd3 Bd7 15. Nd4 Na4 ({RR} 15... g6 16. b3 h5 17. Kd2 a6 18. a4 Nc8 19. b4 Kd8 20. Rhc1 a5 21. Rcb1 Kc7 22. Ra3) ({RR} 15... Nc4 16. b3 Na5 17. Kd2 Nc6 18. Ke3 Rac8 19. Rab1 h6 20. Nxc6+ Rxc6 21. g4 h5 22. h3 g6) ({RR} 15... h5 16. b3 f6) 16. O-O-O Nc5 17. Kd2 g5 18. fxg5 Rag8 19. h4 h6 20. Nf3 hxg5 21. hxg5 Rxh1 22. Rxh1 Ne4+ 23. Ke3 Nxg5 24. Rh5 Nxf3 25. gxf3 Bc6) ({RR} 14. b3 f6 15. exf6+ gxf6 16. a4 a5 17. Nc7 ({RR} 17. Kd2 Bd7 18. Re1 Bxb5 19. Bxb5 Nc8 20. c4 dxc4 21. Bxc4 Rd8+ 22. Kc3 Rd6 23. Rd1) 17... Rb8 18. Bd3 Bd7 19. O-O Kd6) ({RR} 14. a4 Bd7 15. a5 Bxb5 16. Bxb5 Nd7 17. b4 Rac8 18. Kd2 g5) ({RR} 14. h4 h5 15. Rh3 Bd7 16. Nd4 g6 17. b3 a6 18. Rc3 Rhc8 19. Kd2) ({RR} 14. Kd2 Bd7 15. Nd4 Na4 16. b3 Nc5 17. Bd3 g6 18. a4 a5 19. Raf1 h5 20. g3 Rag8 21. h4) 14... Bd7 15. Nd4 a6 ({RR} 15... h5 16. Bd3 ({RR} 16. g3 Na4 17. Bd3 Nc5 18. h3 Rag8 19. Rhf1 g6 20. Kd2 Be8 21. Rc1 Bd7 22. b4 Na4 23. c4) 16... g6 17. g3 a6 ({RR} 17... Bc6 18. Rde1 Nd7 19. c3) 18. b3 ({RR} 18. h3 Nc8 19. Kd2 Na7 20. c3 Bb5 21. Bxb5) 18... Nc8 19. Kb2 Na7 20. Rhe1 ({RR} 20. c4 Nc6 21. Nc2 dxc4 22. Bxc4 Rhd8 23. Rd2 Na5 24. Be2 Bc6 25. Rhd1 Rxd2 26. Rxd2 Be4 27. Ne3) 20... Rac8 21. Re3 Rc7 22. Rd2 Rhc8 23. Bf1 ({RR} 23. c4 dxc4 24. Bxc4 Nc6 25. Nc2 Ke8 26. Re1 Ne7 27. Ne3 Bc6 28. Bf1 Bd5) 23... Be8 24. Bg2 Bd7 25. Ne2 Bb5 26. Nc3 Bc6 27. Ne2 Bb5 28. Nd4 Bd7 29. h3 Nb5 30. Ne2 {½-½ Bologan,V (2665)-Bareev,E (2711) RUS-chT 11th 2004 (3.1)}) ({RR} 15... h5 16. Bd3 g6 17. g3 a6 18. h3 Rh6 19. b3 Rg8 20. Kb2 Nc8 21. Rc1 Nb6 22. Rh2 Rc8 23. Rf2 Rhh8 24. Rg1 Rcg8 25. Rgf1 Nc8 26. Rc1 Na7 27. c4 dxc4 28. Rxc4 Rc8 29. Rfc2 Rxc4 30. Rxc4 {1-0 Priasmoro,N (2521)-Kosic,D (2387) FSGM March 2023 (6.2)}) 16. h4 h5 17. Rh3 Rab8 $146 ({RR} 17... Na4 18. Rb3 b5 19. Rg3 g6 20. b3 Nc5 21. b4 Ne4 22. Rb3 a5 23. Bd3 axb4 24. Bxe4 dxe4 25. Kb1 Ra4 26. Re1 Rha8 27. Rxe4 Rxa2 28. Rxb4 Ra1+ 29. Kb2 R8a2+ 30. Kc3 Ra3+ 31. Rb3 Ra4 32. Kd2 {½-½ Kovchan,A (2562)-Peng,Z (2369) Groningen op-A 51st 2013 (7)}) 18. Rg3 g6 19. b3 Nc8 20. a4 Na7 21. Kb2 Rhc8 22. Be2 Nc6 23. Nxc6+ Bxc6 24. Rd4 a5 25. Rc3 Bd7 26. g3 Rc6 27. Re3 Rc5 28. c4 Bc6 29. Rc3 dxc4 30. Rcxc4 Rxc4 31. Bxc4 1/2-1/2

[Event "45th Olympiad 2024"]
[Site "Budapest HUN"]
[Date "2024.09.21"]
[Round "10.27"]
[Board "3"]
[White "Peng, Li Min"]
[Black "Baasansuren, Erdene"]
[Result "1/2-1/2"]
[WhiteElo "2514"]
[BlackElo "2368"]
[PlyCount "60"]
[EventDate "2024.09.11"]
[WhiteTeam "Switzerland"]
[BlackTeam "Mongolia"]
[WhiteTeamCountry "SUI"]
[BlackTeamCountry "MGL"]

1. d4 Nf6 2. c4 e6 3. Nc3 Bb4 4. e3 O-O 5. Bd2 d5 6. Nf3 b6 7. cxd5 exd5 8. Rc1 Bb7 9. Bd3 a6 10. Ne5 Bd6 11. f4 c5 12. Qf3 ({RR} 12. O-O Nc6 13. Ng4 Be7 14. dxc5 bxc5 15. Bb1 g6 16. Na4 c4 17. Bc3 Nxg4 18. Qxg4 Bf6 19. f5 Bxc3 20. Nxc3 Ne5 21. Qf4 f6 22. fxg6 hxg6 23. Qh6 Qe8 24. Rf4 Qf7 25. Rd1 Rab8 26. Rfd4 Rfe8 {1-0 Fier,A (2574)-Lu,M (2372) 17th American Continental 2024 (7.3)}) 12... Nc6 13. Qh3 h6 $146 ({RR} 13... g6 14. O-O Rc8 15. Be1 cxd4 16. Nxc6 Rxc6 17. exd4 Nh5 18. Bh4 Be7 19. Bxe7 Qxe7 20. g4 Ng7 21. f5 Qb4 22. Qe3 Qxb2 23. fxg6 hxg6 24. Rc2 Qa3 25. Nxd5 Re8 26. Qd2 Qd6 27. Nf6+ Qxf6 28. Rxf6 {½-½ Hong,A (2504)-Liang,A (2625) USA-ch U20 Saint Louis 2022 (8)}) ({RR} 13... Ne7 14. O-O Ne4 15. Be1 f5 16. dxc5 Nxc5 17. Bc2 Qe8 18. Rd1 Ne6 19. Bh4 g5 20. Bg3 Bxe5 21. fxe5 Qg6 22. Be1 Rad8 23. Ne2 a5 24. Ng3 Ng7 25. Bc3 Qe6 26. Ne2 Qg6 27. Nd4 Bc8 28. Qf3 {1-0 Badelka,O (2428)-Cyfka,K (2350) 23rd ch-EUR Indiv w 2023 (4.9)}) ({RR} 13... g6 14. O-O Nb4 15. Bb1 Ne4 16. Nxe4 dxe4 17. Bxb4 cxb4 18. f5 Bxe5 19. dxe5 Qg5 20. e6 Rac8 21. exf7+ Rxf7 22. fxg6 Rxf1+ 23. Rxf1 Qxg6 24. Qd7 Qc6 25. Qf7+ Kh8 26. Qe7 Kg8 27. Qxb4 a5 28. Qb3+ {1-0 Girya,O (2398)-Usacheva,G (1880) Russian Cup Women's Final 2022 (1.1)}) 14. Ne2 Ne4 15. Nxc6 Bxc6 16. Bxe4 dxe4 17. dxc5 Bxc5 18. Bc3 Qd5 19. Kf2 Bb5 20. Nd4 Bd7 21. Qg3 f6 22. Nb3 Be6 23. Rhd1 Qf5 24. Nd4 Bxd4 25. Bxd4 Bxa2 26. Rc7 Rf7 27. Rdc1 Rd8 28. Kg1 Kh7 29. Qe1 Qb5 30. Rxf7 Bxf7 1/2-1/2

[Event "45th Olympiad 2024"]
[Site "Budapest HUN"]
[Date "2024.09.21"]
[Round "10.27"]
[Board "4"]
[White "Itgelt, Khuyagtsogt"]
[Black "Kurmann, Oliver"]
[Result "1/2-1/2"]
[WhiteElo "2412"]
[BlackElo "2421"]
[PlyCount "25"]
[EventDate "2024.09.11"]
[WhiteTeam "Mongolia"]
[BlackTeam "Switzerland"]
[WhiteTeamCountry "MGL"]
[BlackTeamCountry "SUI"]

1. d4 Nf6 2. c4 e6 3. g3 d5 4. Bg2 Be7 5. Nf3 O-O 6. O-O dxc4 7. Qc2 a6 8. a4 Nc6 9. Qxc4 Na5 10. Qc2 Nc6 ({RR} 10... b6 11. Ne5 Bb7 12. Bxb7 Nxb7 13. Nc6 Qd7 14. Rd1 Rfc8 15. Bg5 h6 16. Bxf6 Bxf6 17. Ra3 Nc5 18. Nb4 Nb7 19. Nc6 Nc5 20. Nb4 Nb7 21. Nc6 Nc5 {½-½ Ding Liren (2788)-Caruana,F (2764) Superbet Classic 2023 (2.3)}) ({RR} 10... b6 11. Ne5 Nd5 12. Bd2 Bb7 13. Bxa5 bxa5 14. Nc6 Bxc6 15. Qxc6 Rb8 16. Nc3 Nb4 17. Qe4 c6 18. Rfd1 Qb6 19. Rd2 Rfc8 20. Qg4 Nd5 21. e4 Nf6 22. Qe2 Bb4 23. Qc4 Nd7 24. e5 Qa7 25. Be4 {0-1 Davudov,T (2249)-Suleymanli,A (2626) Baku Open 2024 (1.5)}) 11. Qc4 $146 ({RR} 11. Rd1 Nb4 12. Qb3 Qd5 13. Nbd2 Qxb3 14. Nxb3 Nc2 15. Rb1 Bd7 16. Na1 Nb4 17. b3 Bc6 18. Ba3 {½-½ Orosz,A (2356)-Lee,Q (2272) Kecskemet Caissa IM 05 2016 (3)}) 11... Na5 12. Qc2 Nc6 13. Qc4 1/2-1/2

[Event "45th Olympiad 2024"]
[Site "Budapest HUN"]
[Date "2024.09.21"]
[Round "10.28"]
[Board "1"]
[White "Neiksans, Arturs"]
[Black "Murphy, Conor E"]
[Result "1-0"]
[WhiteElo "2571"]
[BlackElo "2453"]
[PlyCount "109"]
[EventDate "2024.09.11"]
[WhiteTeam "Latvia"]
[BlackTeam "Ireland"]
[WhiteTeamCountry "LAT"]
[BlackTeamCountry "IRL"]

1. c4 e5 2. g3 d5 3. cxd5 Qxd5 4. Nf3 Nc6 5. Nc3 Qd8 6. Bg2 Nf6 7. O-O h6 8. d3 Bd6 9. b3 O-O 10. Bb2 Re8 11. Rc1 Bf5 12. Nb5 ({RR} 12. Na4 Qc8 13. Nc5 Nd8 14. Re1 Bh3 15. Bh1 c6 16. e4 Ne6 17. d4 Nxc5 18. dxc5 Bc7 19. Qc2 a5 20. Nd2 Nd7 21. Qc3 Qd8 22. Qe3 Qe7 23. Ba3 Bb8 24. Nc4 Be6 25. Nd6 Bxd6 26. cxd6 Qg5 {0-1 Moroni,L (2558)-Nakamura,H (2802) CrunchLabs Masters PlayIn 2024 (5)}) 12... Bf8 $146 ({RR} 12... Qd7 13. Nxd6 cxd6 14. Qd2 Bh3 15. b4 Bxg2 16. Kxg2 Nd5 17. a3 a5 18. b5 Nce7 19. a4 Nb6 20. Ra1 Ned5 21. e4 Nf4+ 22. Kh1 Ne6 23. Qe3 Qd8 24. Bc3 Nc5 25. Bxe5 dxe5 26. Qxc5 Qxd3 27. Kg2 {½-½ Gombocz,F (2205)-Szeberenyi,A (2321) Budapest Aranytiz IM 2022 (6)}) 13. Na3 e4 14. dxe4 Nxe4 15. Nb5 Nd6 16. Nbd4 Nxd4 17. Nxd4 Be4 18. f3 Bf5 19. e4 Bd7 20. Qd2 c5 21. Ne2 Qb6 22. Nf4 Bc6 23. Rfd1 Rad8 24. Qf2 Nb5 25. Bf1 Rxd1 26. Rxd1 Rd8 27. Rxd8 Qxd8 28. Bc4 Qd1+ 29. Qf1 Qxf1+ 30. Kxf1 Nd6 31. Bd5 Bxd5 32. Nxd5 f6 33. Ke2 Kf7 34. Kd3 Nc8 35. a4 Ke6 36. g4 Bd6 37. f4 Ne7 38. f5+ Kd7 39. Nxe7 Bxe7 40. h4 Kc6 41. g5 hxg5 42. hxg5 b5 43. g6 Bf8 44. e5 fxe5 45. Bxe5 Kd5 46. Bc3 a6 47. Bb2 c4+ 48. bxc4+ bxc4+ 49. Ke3 Bc5+ 50. Kf3 Bf8 51. Bc3 a5 52. Bb2 Kc5 53. Ba3+ Kd4 54. Bxf8 Ke5 55. Kg4 1-0

[Event "45th Olympiad 2024"]
[Site "Budapest HUN"]
[Date "2024.09.21"]
[Round "10.28"]
[Board "2"]
[White "Baburin, Alexander"]
[Black "Meshkovs, Nikita"]
[Result "0-1"]
[WhiteElo "2376"]
[BlackElo "2534"]
[PlyCount "118"]
[EventDate "2024.09.11"]
[WhiteTeam "Ireland"]
[BlackTeam "Latvia"]
[WhiteTeamCountry "IRL"]
[BlackTeamCountry "LAT"]

1. d4 Nf6 2. c4 e6 3. Nf3 a6 4. Nc3 d5 5. c5 Nc6 6. Bf4 Nh5 7. Bg5 Be7 8. Bxe7 Qxe7 9. e3 Nf6 10. Be2 O-O 11. O-O Rd8 12. Rc1 e5 13. Nxe5 Nxe5 14. dxe5 Qxe5 15. Qd4 Qg5 $146 ({RR} 15... Qxd4 16. exd4 c6 17. Bd3 Nh5 18. g3 g6 19. Rfe1 Ng7 20. b4 Bf5 21. Bf1 Re8 22. f3 g5 23. Kf2 h5 24. a4 Ne6 25. Rcd1 Kg7 26. Re5 Kf6 27. Rd2 h4 28. Nd1 hxg3+ 29. hxg3 Rh8 30. Ne3 {1-0 Raja,R (2522)-Bosiocic,M (2549) Chessable Masters Play-In 2024 (5)}) ({RR} 15... Qe7 16. b4 c6 17. Rfd1 Bf5 18. Bf3 Re8 19. a4 Nd7 20. e4 dxe4 21. Bxe4 Be6 22. Bc2 Nf6 23. Re1 Rad8 24. Qh4 h6 25. h3 a5 26. Bb3 Qd7 27. Rcd1 Bxb3 28. Rxd7 Rxe1+ 29. Kh2 Rxd7 30. bxa5 {0-1 Hakobyan,A (2626)-Deac,B (2700) Titled Tue 24th Jan Late 2023 (5)}) ({RR} 15... Qxd4 16. exd4 Bf5 17. f3 h5 18. h4 c6 19. Kf2 Re8 20. b4 Nd7 21. Nd1 Nf8 22. Ne3 Bd7 23. g3 g6 24. Rfd1 Re7 25. Rc3 Ne6 26. a4 Nc7 27. Rb3 Kg7 28. Rd2 f6 29. Bd3 Kf7 30. Rd1 {½-½ Cyborowski,L (2479)-Gentemann,M (2261) Bundesliga 2023-24 (15.1)}) 16. Rfd1 Bh3 17. Bf3 h5 18. Ne2 c6 19. Qf4 Qxf4 20. Nxf4 Bg4 21. h3 Bxf3 22. gxf3 g5 23. Ne2 Kh7 24. Nd4 a5 25. a4 Nd7 26. Kf1 Kg6 27. Ke2 Kf6 28. h4 g4 29. f4 Nf8 30. f3 Re8 31. fxg4 hxg4 32. Rg1 Re4 33. Kf2 Rae8 34. Rc3 Ne6 35. Nxe6 R8xe6 36. Rxg4 Rxa4 37. Kf3 Ra1 38. Rg2 Rh1 39. Kg4 Re8 40. Rb3 d4 41. Re2 Rf1 42. Rd3 Rg8+ 43. Kh3 Rf3+ 44. Kh2 dxe3 45. Rexe3 Rxf4 46. Rf3 Rgg4 47. Rxf4+ Rxf4 48. Kg3 Rb4 49. b3 Kg6 50. Re3 f6 51. Rf3 f5 52. Kh3 Rb5 53. Rg3+ Kh6 54. Rc3 Kh5 55. Kg3 Rb4 56. Rf3 f4+ 57. Rxf4 Rxb3+ 58. Kf2 Rb5 59. Rf7 a4 0-1

[Event "45th Olympiad 2024"]
[Site "Budapest HUN"]
[Date "2024.09.21"]
[Round "10.28"]
[Board "3"]
[White "Kantans, Toms"]
[Black "Kanyamarala, Tarun"]
[Result "1-0"]
[WhiteElo "2486"]
[BlackElo "2361"]
[PlyCount "33"]
[EventDate "2024.09.11"]
[WhiteTeam "Latvia"]
[BlackTeam "Ireland"]
[WhiteTeamCountry "LAT"]
[BlackTeamCountry "IRL"]

1. e4 c5 2. Nf3 e6 3. d4 cxd4 4. Nxd4 Nc6 5. Nc3 d6 6. Be3 Nf6 7. f4 Be7 8. Qf3 e5 9. Nxc6 bxc6 10. Bc4 ({RR} 10. h3 Qa5 11. Be2 O-O 12. O-O exf4 13. Bxf4 Be6 14. Rad1 Nd7 15. Qh5 Qb6+ 16. Kh1 Qxb2 17. Rd3 Ne5 18. Rg3 Ng6 19. Bd3 Qxc3 20. e5 Qc5 21. Qe2 Nxf4 22. Rxf4 Qxe5 23. Qf3 f5 24. Qf2 Rab8 {0-1 Villa Tornero,A (2329)-Wieczorek,O (2491) Titled Tue 30th Apr Late 2024 (2)}) 10... Bg4 $146 ({RR} 10... exf4 11. Bxf4 O-O 12. Bb3 Be6 13. h3 Qa5 14. O-O d5 15. exd5 Nxd5 16. Bd2 Bb4 17. Nxd5 Bxd5 18. Bxd5 cxd5 19. c3 Be7 20. Be3 Bc5 21. Kh1 Bxe3 22. Qxe3 Rae8 23. Qd3 Qb6 24. b3 Re3 25. Qxd5 {½-½ Govedarica,R (2410)-Musil,V YUG Team-ch31 1979 (2.3)}) ({RR} 10... Ng4 11. Bd2 exf4 12. Bxf4 O-O 13. O-O Bf6 14. Bb3 Re8 15. Rad1 Ne5 16. Qg3 Ba6 17. Bxe5 Bxe5 18. Bxf7+ Kh8 19. Bxe8 Qb6+ 20. Qf2 Rxe8 21. Qxb6 axb6 22. Rf7 h6 23. Rc7 c5 24. Rc6 Bd4+ 25. Kh1 {1-0 Nakamura,H (2736)-Carlsen,M (2863) Carlsen Inv Prelim rapid 2020 (1.4)}) ({RR} 10... O-O 11. O-O Ng4 12. Kh1 Nxe3 13. Qxe3 exf4 14. Qxf4 Be6 15. Bxe6 fxe6 16. Qg4 Qd7 {½-½ Kunz,W-Kaiser,D (2275) Oberliga Wuerttemberg 9192 1991}) ({RR} 10... exf4 11. Qxf4 O-O 12. O-O Be6 13. Bb3 Qc7 14. Rad1 Bxb3 15. axb3 Nd7 16. Qg3 Ne5 17. Bd4 Ng6 18. Ra1 Qb7 19. Ra4 d5 20. exd5 cxd5 21. Qf3 Bd6 22. Nxd5 Qb8 23. h3 Be5 24. Qc3 Bxd4+ 25. Qxd4 {½-½ Mendeiros,J-El Homsy,I Paris op 1993 (7)}) 11. Qg3 h5 12. O-O Nd5 13. Bxd5 Bh4 14. Bxc6+ Kf8 15. Qxh4 Qxh4 16. Bxa8 Ke7 17. Bf2 1-0

[Event "45th Olympiad 2024"]
[Site "Budapest HUN"]
[Date "2024.09.21"]
[Round "10.28"]
[Board "4"]
[White "Fitzsimons, David"]
[Black "Starostits, Ilmars"]
[Result "0-1"]
[WhiteElo "2315"]
[BlackElo "2344"]
[PlyCount "86"]
[EventDate "2024.09.11"]
[WhiteTeam "Ireland"]
[BlackTeam "Latvia"]
[WhiteTeamCountry "IRL"]
[BlackTeamCountry "LAT"]

1. e4 c6 2. d4 d5 3. exd5 cxd5 4. c4 Nf6 5. Nc3 e6 6. c5 Be7 7. Bb5+ Bd7 8. Bxd7+ Qxd7 ({RR} 8... Nfxd7 9. b4 Bf6 10. Nge2 Nc6 11. Rb1 O-O 12. O-O Re8 13. Nb5 Be7 14. Bf4 e5 15. dxe5 Ndxe5 16. Nbc3 d4 17. Bxe5 d3 18. Bg3 dxe2 19. Nxe2 a5 20. b5 Nb4 21. a3 Nd5 22. c6 bxc6 23. bxc6 {1-0 Romanov,E (2614)-Antipov,M (2593) EU-Cup 34th Porto Carras 2018 (2.5)}) 9. b4 O-O ({RR} 9... b6 10. Rb1 a5 11. Na4 Bd8 12. b5 O-O 13. c6 Qd6 14. Qf3 Nxc6 15. bxc6 Qxc6 16. Qb3 Be7 17. Nf3 b5 18. Nc5 Bxc5 19. dxc5 b4 20. Be3 Ne4 21. O-O Nc3 22. Rb2 Qc7 23. Bd4 Nb5 24. Qe3 {0-1 Lilliehook,V (2060)-Elsness,F (1873) Fagernes GM Open 2024 (6.47)}) 10. Rb1 $146 ({RR} 10. Bf4 Ne4 11. Nge2 Nc6 12. b5 Nd8 13. h3 f6 14. Nxe4 dxe4 15. Nc3 f5 16. Qa4 Bf6 17. Rd1 Nf7 18. O-O a6 19. b6 Qxa4 20. Nxa4 e5 21. dxe5 Bxe5 22. Bxe5 Nxe5 23. Rd5 Nc6 24. Rd7 Rf7 {0-1 Rivero Tacoronte,G (1378)-Rodriguez Bittar,K (1904) Vecindario Montalvo Memorial 14th 2022 (1)}) ({RR} 10. Nf3 a6 11. O-O Nc6 12. Rb1 Ne4 13. Qc2 Nxc3 14. Qxc3 Bf6 15. Bf4 Rfe8 16. Rfe1 h6 17. h3 Rac8 18. a4 g5 19. Bg3 Ne7 20. Ne5 Qxa4 21. b5 Bxe5 22. Bxe5 axb5 23. Rb4 Qa2 24. Rxb5 Ng6 {1-0 Vakhlamov,I (2413)-Goncalves,D (2282) Titled Tue 9th May Late 2023 (3)}) 10... Nc6 11. Nf3 Ne4 12. Qd3 a5 13. a3 axb4 14. axb4 Nxc3 15. Qxc3 e5 16. Be3 e4 17. Ne5 Nxe5 18. dxe5 Qb5 19. Qc2 f5 20. g3 Rfd8 21. Bd4 Ra3 22. Qe2 Rd3 23. Rb3 Ra8 24. Rxd3 exd3 25. Qb2 Ra4 26. Bc3 Qc4 27. O-O d4 28. Bxd4 Rxb4 29. Qa3 Qxd4 30. c6 bxc6 31. Qa8+ Qd8 32. Qxc6 d2 33. Rd1 Rb6 34. Qc2 Bb4 35. Qxf5 Rc6 36. Qf4 Qf8 37. Qe3 h6 38. Kf1 Qc5 39. Qf3 Rc8 40. Qf5 Rf8 41. Qe6+ Kh8 42. f4 Qe3 43. Qg4 Qxe5 0-1

[Event "45th Olympiad 2024"]
[Site "Budapest HUN"]
[Date "2024.09.21"]
[Round "10.29"]
[Board "1"]
[White "Greet, Andrew N"]
[Black "Garcia Pantoja, Roberto"]
[Result "1/2-1/2"]
[WhiteElo "2405"]
[BlackElo "2550"]
[PlyCount "95"]
[EventDate "2024.09.11"]
[WhiteTeam "Scotland"]
[BlackTeam "Colombia"]
[WhiteTeamCountry "SCO"]
[BlackTeamCountry "COL"]

1. c4 e5 2. Nc3 Nc6 3. Nf3 Nf6 4. g3 Bb4 5. Bg2 O-O 6. O-O Re8 7. Nd5 Nxd5 8. cxd5 Nd4 9. Nxd4 exd4 10. e4 dxe3 11. dxe3 d6 12. a3 Bc5 13. b4 Bb6 14. Bb2 Bf5 15. a4 $146 ({RR} 15. Rc1 Qg5 16. Bd4 Re7 17. Rc3 h5 18. Bxb6 axb6 19. Qc1 Qf6 20. Rxc7 Rxc7 21. Qxc7 Bd3 22. Rd1 Rxa3 23. Rxd3 Ra2 24. f4 Qb2 25. Qc8+ Kh7 26. Qf5+ Kg8 27. Qc8+ Kh7 28. Qf5+ Kg8 29. Qc8+ {½-½ Socko,B (2646)-Huschenbeth,N (2542) Hamburg St Pauli op-A 2013 (5)}) 15... a5 16. b5 Bc5 17. Rc1 Qd7 18. Rc4 f6 19. g4 Bg6 20. h4 h6 21. h5 Bh7 22. Kh2 Re7 23. Rg1 Qe8 24. Bf3 Be4 25. Rg3 Rb8 26. Bxe4 Rxe4 27. Qd3 Rxc4 28. Qxc4 Qf7 29. Qb3 Re8 30. Qd3 Qe7 31. Qg6 Qe4 32. Rf3 Qxf3 33. Qxe8+ Kh7 34. Qg6+ Kh8 35. Qe8+ Kh7 36. Qg6+ Kh8 37. Qf5 Qxf5 38. gxf5 b6 39. Kg2 Kg8 40. Kf3 Kf7 41. Ke2 Ke7 42. Kd3 Kf7 43. Bc3 Ke7 44. f4 Kf7 45. e4 Ke7 46. e5 Kf7 47. e6+ Ke7 48. Bd2 1/2-1/2

[Event "45th Olympiad 2024"]
[Site "Budapest HUN"]
[Date "2024.09.21"]
[Round "10.29"]
[Board "2"]
[White "Cardoso Cardoso, Jose Gabriel"]
[Black "Olson, Hamish"]
[Result "1-0"]
[WhiteElo "2508"]
[BlackElo "2384"]
[PlyCount "77"]
[EventDate "2024.09.11"]
[WhiteTeam "Colombia"]
[BlackTeam "Scotland"]
[WhiteTeamCountry "COL"]
[BlackTeamCountry "SCO"]

1. e4 e5 2. Nf3 Nc6 3. Bb5 a6 4. Ba4 Nf6 5. O-O Nxe4 6. d4 Be7 7. Re1 b5 8. Rxe4 d5 9. Nxe5 Nxe5 10. Rxe5 bxa4 11. Qe2 f6 12. Re3 c5 13. dxc5 Kf7 14. Nc3 Bxc5 15. Rd3 Qe7 16. Be3 $146 ({RR} 16. Qxe7+ Bxe7 17. Be3 a3 18. bxa3 Bf5 19. Rxd5 Bxc2 20. Rc1 Bg6 {½-½ Horak,M (2191)-Kriebel,T (2523) ECo-C Extraliga 2022-23 (4.2)}) 16... d4 17. Bxd4 Qxe2 18. Nxe2 Re8 19. Nc3 Bxd4 20. Rxd4 a3 21. b3 Bf5 22. Ra4 Bxc2 23. Rxa3 Rac8 24. Nd5 Bd3 25. h3 Red8 26. Ra5 Bb5 27. Ne3 Rd2 28. Re1 Be2 29. g4 g6 30. Kg2 Rc3 31. Kg3 Kg7 32. Rb1 Kf7 33. b4 Rd4 34. Rb2 Bd3 35. Rd2 f5 36. gxf5 gxf5 37. Rxf5+ Bxf5 38. Rxd4 Ra3 39. Rf4 1-0

[Event "45th Olympiad 2024"]
[Site "Budapest HUN"]
[Date "2024.09.21"]
[Round "10.29"]
[Board "3"]
[White "Waldhausen Gordon, Frederick"]
[Black "Avila Pavas, Santiago"]
[Result "0-1"]
[WhiteElo "2351"]
[BlackElo "2485"]
[PlyCount "94"]
[EventDate "2024.09.11"]
[WhiteTeam "Scotland"]
[BlackTeam "Colombia"]
[WhiteTeamCountry "SCO"]
[BlackTeamCountry "COL"]

1. d4 Nf6 2. c4 g6 3. Nc3 d5 4. Nf3 Bg7 5. Qb3 dxc4 6. Qxc4 Be6 7. Qa4+ Bd7 8. Qa3 Bc6 9. e3 Bxf3 10. gxf3 O-O 11. Bg2 c6 12. f4 Nbd7 13. O-O e6 14. Rd1 Nd5 $146 ({RR} 14... Re8 15. Bd2 Nb6 16. Qb3 Bf8 17. a4 a5 18. e4 Bb4 19. Be3 Ng4 20. Na2 Nxe3 21. fxe3 Bd6 22. Nc3 Rb8 23. Rac1 Nd7 24. e5 Bb4 25. Na2 Bf8 26. Nc3 Qh4 27. Ne4 Bb4 28. Nf2 Nb6 29. Nd3 {0-1 Jager,J (2163)-Kuybokarov,T (2530) Begonia op 55th 2021 (7)}) ({RR} 14... Qb6 15. Bd2 Rfd8 16. Be1 Bf8 17. Qa4 Nd5 18. Nxd5 exd5 19. b4 a6 20. Qc2 Nf6 21. a4 Re8 22. Rab1 Rac8 23. Qb3 Qd8 24. Bh3 Ne4 25. b5 axb5 26. axb5 c5 27. dxc5 Rxc5 28. Bg2 Qd7 29. Qd3 {½-½ Aronian,L (2781)-Vachier Lagrave,M (2784) Opera Euro Rapid KO 2021 (1.14)}) 15. Bd2 Qh4 16. h3 N7f6 17. b4 a6 18. Ne2 Nh5 19. Be1 Kh8 20. Rac1 Rg8 21. Qb2 Bh6 22. Kh2 Rg7 23. Ng1 Qf6 24. Qe2 Rag8 25. Bd2 g5 26. Bxd5 gxf4 27. Bf3 fxe3 28. fxe3 Ng3 29. Qf2 Ne4 30. Qe2 Qh4 31. Rf1 Ng3 32. Qd3 Nxf1+ 33. Rxf1 Rxg1 34. Rxg1 Qf2+ 35. Bg2 Qg3+ 36. Kh1 Bf4 37. exf4 Qxd3 38. Be1 Qxd4 39. Rf1 f6 40. Kh2 Kg7 41. Rf3 Kf7 42. a4 Qd1 43. Bg3 Qxa4 44. Rd3 Qxb4 45. Rd7+ Ke8 46. Rxh7 Qc3 47. Bh4 Qc2 0-1

[Event "45th Olympiad 2024"]
[Site "Budapest HUN"]
[Date "2024.09.21"]
[Round "10.29"]
[Board "4"]
[White "Valderrama Quiceno, Esteban Alb"]
[Black "Abdulla, Murad"]
[Result "1-0"]
[WhiteElo "2418"]
[BlackElo "2312"]
[PlyCount "99"]
[EventDate "2024.09.11"]
[WhiteTeam "Colombia"]
[BlackTeam "Scotland"]
[WhiteTeamCountry "COL"]
[BlackTeamCountry "SCO"]

1. Nf3 Nf6 2. g3 g6 3. Bg2 Bg7 4. O-O O-O 5. c4 c5 6. d4 cxd4 7. Nxd4 d5 8. cxd5 Nxd5 9. Nb5 Be6 10. Bxd5 Bxd5 11. N1c3 Bxc3 12. Nxc3 Bc6 13. Qb3 ({RR} 13. Bh6 Qxd1 14. Rfxd1 Rc8 15. f3 Nd7 16. Nd5 Bxd5 17. Rxd5 Nb6 18. Rd2 f6 19. h4 Kf7 20. b3 Rd8 21. Rxd8 Rxd8 22. Be3 Rc8 23. Rc1 Rxc1+ 24. Bxc1 Nd5 25. Bd2 f5 26. Kf2 Ke6 27. e4 fxe4 {½-½ Gorovets,A (2480)-Ragger,M (2603) Titled Tue 30th Jul Early 2024 (8)}) 13... Qb6 $146 ({RR} 13... Nd7 14. Rd1 Re8 15. Nd5 Qc8 16. Qb4 Bxd5 17. Rxd5 Nf6 18. Rd3 Qh3 19. Qxb7 Rad8 20. Rxd8 Rxd8 21. Bf4 Rd5 22. f3 g5 23. Be3 Qe6 24. Qb3 a6 25. Re1 Qe5 26. Bc1 Rc5 27. Qe3 Qc7 28. Bd2 {1-0 Ehlvest,J (2532)-Hill,A (2237) London Classic op 8th 2016 (2)}) 14. Qa3 Re8 15. Bg5 f6 16. Be3 Qa6 17. Qb3+ Kg7 18. Rfd1 Nd7 19. a4 b6 20. Nb5 Qb7 21. Rac1 Rac8 22. f3 Nc5 23. Qa3 a6 24. Nc3 Nd7 25. Qb4 b5 26. axb5 axb5 27. Ra1 Nb6 28. Bxb6 Qxb6+ 29. Qd4 Qxd4+ 30. Rxd4 Ra8 31. Rxa8 Rxa8 32. Kf2 Kf7 33. Ke3 e5 34. Rd6 Rc8 35. Nd5 f5 36. Nb4 Be8 37. Nd3 Ke7 38. Rb6 e4 39. fxe4 fxe4 40. Kxe4 Rc2 41. Ke3 Bd7 42. Ne5 Be8 43. b4 Rc7 44. Nd3 Ra7 45. Nc5 Ra3+ 46. Kf2 h5 47. h4 Rc3 48. Rb7+ Kd8 49. Rg7 Rc4 50. Nb7+ 1-0